UBT Library

Systems analysis and policy sciences : (Record no. 39740)

000 -LEADER
fixed length control field 00595cam a2200217 i 4500
001 - CONTROL NUMBER
control field 881718
005 - DATE AND TIME OF LATEST TRANSACTION
control field 20180104080845.0
008 - FIXED-LENGTH DATA ELEMENTS--GENERAL INFORMATION
fixed length control field 800319s1980 nyua b 001 0 eng
010 ## - LIBRARY OF CONGRESS CONTROL NUMBER
LC control number 80013335
020 ## - INTERNATIONAL STANDARD BOOK NUMBER
International Standard Book Number 0471058645 :
Terms of availability $27.50 (est.)
040 ## - CATALOGING SOURCE
Original cataloging agency DLC
Transcribing agency DLC
Modifying agency DLC
041 ## - LANGUAGE CODE
Language code of text/sound track or separate title eng
080 ## - UNIVERSAL DECIMAL CLASSIFICATION NUMBER
Universal Decimal Classification number 658.4032 ROB
082 00 - DEWEY DECIMAL CLASSIFICATION NUMBER
Classification number 658.4032 ROB
100 1# - Rafti
Rafti 20
101 ## - Shkurtesa
Shkurtesa POL
245 10 - TITLE STATEMENT
Title Systems analysis and policy sciences :
Statement of responsibility, etc Robert M. Krone.
504 ## - BIBLIOGRAPHY, ETC. NOTE
Bibliography, etc Bibliography: p. 187-207.
906 ## - LOCAL DATA ELEMENT F, LDF (RLIN)
a 7
b cbc
c orignew
d 1
e ocip
f 19
g y-gencatlg
942 ## - ADDED ENTRY ELEMENTS (KOHA)
Source of classification or shelving scheme
Item type Books
Holdings
Withdrawn status Lost status Source of classification or shelving scheme Damaged status Not for loan Permanent location Current location Date acquired Total Checkouts Full call number Barcode Date last seen Price effective from Koha item type
          UBT - Lipjan UBT - Lipjan 01/04/2018   658.4032 ROB 002-2994724 01/04/2018 01/04/2018 Books
UBT Library © 2015-2024. All rights reserved University Education for Business and Technology